书目信息 |
| 题名: |
建筑科学与文化
|
|
| 作者: | 金磊 主编 | |
| 分册: | ||
| 出版信息: | 北京 科学技术文献出版社 1999.10 |
|
| 页数: | 294页 | |
| 开本: | 32开 | |
| 丛书名: | 科学丛书 | |
| 单 册: | ||
| 中图分类: | TU-85 | |
| 科图分类: | ||
| 主题词: | 建筑艺术--关系 | |
| 电子资源: | ||
| ISBN: | 7-5023-3429-7 | |
| 000 | 00602nam0 2200217 45 | |
| 001 | 0110151644 | |
| 005 | 20031219104051.1 | |
| 010 | @a7-5023-3429-7@dCNY19.00 | |
| 100 | @a20011015d1999 km y0chiy0120 ea | |
| 101 | 0 | @achi |
| 105 | @a z 000yy | |
| 200 | 1 | @a建筑科学与文化@AJian Zhu Ke Xue Yu Wen Hua@f金磊主编@FJin Lei Zhu Bian |
| 210 | @a北京@c科学技术文献出版社@d1999.10 | |
| 215 | @a294页@d32开 | |
| 225 | @a科学丛书 | |
| 410 | @12001 @a科学丛书 | |
| 606 | 0 | @a建筑艺术@x关系 |
| 690 | @aTU-85@v4 | |
| 701 | @a金磊@4主编 | |
| 801 | @aCN@bTSTC@c20011015 | |
| 905 | @f2@b299558-559@dTU-85@e25 | |
| 建筑科学与文化/金磊主编.-北京:科学技术文献出版社,1999.10 |
| 294页;32开.-(科学丛书) |
| ISBN 7-5023-3429-7:CNY19.00 |
| ● |
| 相关链接 |
|
|
|
|
正题名:建筑科学与文化
索取号:TU-85/25
 
预约/预借
| 序号 | 登录号 | 条形码 | 馆藏地/架位号 | 状态 | 备注 |
| 1 | 0299558 | 202995580 | 第三借阅区/ [索取号:TU-85/25] | 在馆 | |
| 2 | 0299559 | 202995599 | 第二样本阅览室/ [索取号:TU-85/25] | 在馆 |